Finde den song titel - Statistiken

Allgemein
  • Dieses Quiz wurde 4 mal gespielt
  • Das Durchschnittsergebnis liegt bei 7 aus 14
Antwortstatistiken
Artist Hint Antwort % Korrekt
RIN Red Dead Redemption Das Rennen
75%
XXXtentacion okay she keep cryin, she keep cryin.. Hope
75%
Fousy Jeden Tag ticken an ecken... Alelo
50%
SCH, GIMS okay c'est triste... Baden Baden
50%
GIMS Azonto Azonto Ciel
50%
Gims, Lil Wayne, French Montana Malte Corazon
50%
Zaz Lieblingslied meiner Mutter eblouie par la nuit
50%
Miami Yacine Liebe für Mama Intro Resumee
50%
Kollegah, Casper Sayonara Karate
50%
Kaaris Miamooor, Miamoooor Nador
50%
PNL Bravo Bref Oh lala
50%
Kalash Criminel, Kaaris Sauvage 2.7. Zongo le DOZO Arret du coeur
25%
Migos, Post Malone Bohrmaschin Notice Me
25%
Sido rappt über Brüder und schwestern So wie du
25%
Keine übereinstimmenden Quizze gefunden
Verteilung der Resultate
Anzahl Personen mit jedem Resultat
Perzentil nach korrekt beantworteten Fragen
Ihre Resultats-Entwicklung
Sie haben dieses Quiz noch nicht gespielt